[Event "Mumbai Wealth op 3rd"]
[Site "Mumbai"]
[Date "2018.01.02"]
[Round "4"]
[White "Aviral, Jaiswal"]
[Black "Supriya, Joshi"]
[Result "0-1"]
[WhiteElo "1601"]
[BlackElo "1988"]
[PlyCount "69"]
[EventDate "2017.12.30"]
[EventType "swiss"]
[EventRounds "9"]
[EventCountry "IND"]
[SourceTitle "CBM 182 Extra"]
[Source "ChessBase"]
[SourceDate "2018.02.23"]
[SourceVersion "1"]
[SourceVersionDate "2018.02.23"]
[SourceQuality "1"]

1. d4 Nf6 2. c4 g6 3. Nc3 Bg7 4. e4 d6 5. Be2 0-0 6. h4 c5 7. d5 e6 8. h5 exd5 9. exd5 Nbd7 10. h6 Bh8 11. Nf3 a6 12. Bf4 Qe7 13. 0-0 Ng4 14. Qd2 Nge5 15. Rae1 Nxf3+ 16. Bxf3 Ne5 17. Be2 f5 18. Bxe5 Bxe5 19. Qe3 Bd7 20. Bd3 Qf6 21. Bc2 b5 22. Qd3 Rab8 23. cxb5 axb5 24. a3 Qh4 25. g3 Qxh6 26. b4 Rfc8 27. bxc5 Rxc5 28. Ne2 Qg7 29. Bb1 b4 30. axb4 Rc7 31. Qa6 Rxb4 32. Qa8+ Qf8 33. Qxf8+ Kxf8 34. f4 Bf6 35. Rf2 0-1